| 000 | 00487nmm a2200169Ia 4500 | ||
|---|---|---|---|
| 008 | 251105s9999||||xx |||||||||||||||||und|| | ||
| 020 | _a9788488015879 | ||
| 041 |
_aspa _acat |
||
| 100 | _aRosselló-Pòrcel, Bartomeu | ||
| 245 | 0 | _aPoesías = Poesies | |
| 264 |
_a[Madrid, España] : _bCalambur, _c2002 |
||
| 300 | _a174 páginas | ||
| 490 | _aBiblioteca de las Islas Baleares | ||
| 650 | _aSpanish poetry | ||
| 856 | _uhttps://public.digitaliapublishing.com/a/56035 | ||
| 942 | _cCF | ||
| 999 |
_c87023 _d87023 |
||